NBA 1997 Playoffs Starters - Statistics

General Stats
  • This quiz has been taken 502 times
    418 since last reset
  • The average score is 42 of 80
Answer Stats
Team Player % Correct
Bulls Michael Jordan
100%
Bulls Scottie Pippen
99%
Lakers Shaquille O'Neal
97%
Bulls Dennis Rodman
96%
Rockets Hakeem Olajuwon
94%
Jazz John Stockton
94%
Jazz Karl Malone
94%
Rockets Clyde Drexler
91%
Timberwolves Kevin Garnett
91%
Magic Penny Hardaway
91%
Heat Tim Hardaway
91%
Heat Alonzo Mourning
90%
SuperSonics Gary Payton
90%
Knicks Patrick Ewing
90%
SuperSonics Shawn Kemp
90%
Rockets Charles Barkley
89%
Suns Kevin Johnson
89%
Knicks Larry Johnson
89%
Bulls Ron Harper
84%
Bulls Luc Longley
83%
Hawks Steve Smith
83%
Lakers Eddie Jones
75%
Pistons Grant Hill
75%
Hawks Dikembe Mutombo
72%
Pistons Joe Dumars
69%
SuperSonics Detlef Schrempf
67%
Hornets Glen Rice
67%
Jazz Jeff Hornacek
67%
Magic Nick Anderson
66%
Trail Blazers Rasheed Wallace
66%
Trail Blazers Kenny Anderson
65%
Knicks Charles Oakley
63%
Hornets Muggsy Bogues
59%
Lakers Nick Van Exel
59%
Knicks Allan Houston
57%
Lakers Robert Horry
57%
Suns Hot Rod Williams
56%
Suns Jason Kidd
56%
Trail Blazers Arvydas Sabonis
54%
Trail Blazers Clifford Robinson
54%
Jazz Bryon Russell
53%
Hornets Vlade Divac
52%
Jazz Greg Ostertag
51%
Heat P.J. Brown
49%
Bullets Chris Webber
47%
Hawks Mookie Blaylock
46%
Timberwolves Stephon Marbury
46%
SuperSonics Hersey Hawkins
41%
Hornets Anthony Mason
40%
Bullets Rod Strickland
40%
Bullets Juwan Howard
38%
Heat Jamal Mashburn
35%
Pistons Otis Thorpe
31%
Rockets Mario Elie
29%
Timberwolves Tom Gugliotta
29%
Timberwolves Doug West
28%
Lakers Elden Campbell
27%
SuperSonics Sam Perkins
27%
Pistons Lindsey Hunter
25%
Trail Blazers Isaiah Rider
24%
Bullets Gheorghe Mureșan
23%
Suns Rex Chapman
23%
Magic Rony Seikaly
22%
Knicks Chris Childs
21%
Heat Voshon Lenard
18%
Pistons Terry Mills
17%
Magic Brian Shaw
16%
Clippers Darrick Martin
16%
Rockets Matt Maloney
15%
Hawks Alan Henderson
14%
Bullets Calbert Cheaney
14%
Clippers Loy Vaught
14%
Timberwolves Dean Garrett
13%
Hornets Ricky Pierce
13%
Hawks Tyrone Corbin
12%
Clippers Lorenzen Wright
11%
Clippers Malik Sealy
10%
Clippers Rodney Rogers
9%
Magic Derek Strong
7%
Suns Wayman Tisdale
7%
No matching quizzes found
Score Distribution
Percent of People with Each Score
Percentile by Number Answered
Your Score History
You have not taken this quiz since the last reset